[Event "ENCI Limburg-open A"]
[Site "Maastricht"]
[Date "2011.06.12"]
[Round "5"]
[White "Roos, Adrian"]
[Black "Memeti, Kastriot"]
[Result "1-0"]
[WhiteElo "2127"]
[BlackElo "2209"]
[PlyCount "61"]
[EventDate "2011.06.10"]
[EventType "swiss"]
[EventRounds "7"]
[EventCountry "NED"]
[Source "P.Boonen"]
[SourceDate "2012.01.01"]

1. d4 e6 2. c4 Nf6 3. g3 Bb4+ 4. Bd2 Qe7 5. Bg2 Nc6 6. e3 Bxd2+ 7. Qxd2 d6 8.
Nc3 e5 9. d5 Nb8 10. h3 O-O 11. Nge2 a5 12. g4 Na6 13. Ng3 Nc5 14. O-O-O Rd8
15. f4 Rb8 16. f5 Nfd7 17. h4 a4 18. g5 f6 19. e4 Nb6 20. Bf1 Kh8 21. Rg1 Bd7
22. Nh1 Rbc8 23. Nf2 c6 24. Kb1 cxd5 25. cxd5 Rg8 26. g6 h6 27. Qe3 Na8 28. Ng4
Qf8 29. Rd2 Rc7 30. Nxh6 Bc8 31. Nxg8 1-0

[Event "ENCI Limburg-open A"]
[Site "Maastricht"]
[Date "2011.06.12"]
[Round "5"]
[White "Schleipfenbauer, Frank"]
[Black "Cornelisse, John"]
[Result "0-1"]
[WhiteElo "2124"]
[BlackElo "2210"]
[PlyCount "82"]
[EventDate "2011.06.10"]
[EventType "swiss"]
[EventRounds "7"]
[EventCountry "NED"]
[Source "P.Boonen"]
[SourceDate "2012.01.01"]

1. e4 d6 2. d4 Nf6 3. Bd3 e5 4. c3 d5 5. dxe5 Nxe4 6. Bxe4 dxe4 7. Qxd8+ Kxd8
8. Bf4 Nd7 9. Ne2 b6 10. O-O Ba6 11. Re1 Nc5 12. Ng3 Nd3 13. Rxe4 Bc5 14. Bg5+
Kd7 15. Re2 h6 16. e6+ fxe6 17. Be3 Be7 18. Rc2 e5 19. Nd2 Ke6 20. Nde4 Nf4 21.
c4 Rad8 22. b3 Bb7 23. c5 h5 24. f3 Nd5 25. Bf2 h4 26. Nf1 h3 27. g3 Ba6 28. a3
Rhf8 29. Nfd2 Bd3 30. Rb2 Be2 31. f4 exf4 32. gxf4 Nxf4 33. Re1 Kd7 34. Rc2 Bd3
35. Rc3 Ne2+ 36. Rxe2 Bxe2 37. Rxh3 Kc6 38. Re3 Bd3 39. Rg3 Bf6 40. Nxf6 gxf6
41. b4 Rg8 0-1

[Event "ENCI Limburg-open A"]
[Site "Maastricht"]
[Date "2011.06.12"]
[Round "5"]
[White "Scholzen, Wolfgang"]
[Black "Broekmeulen, Jasper"]
[Result "1-0"]
[WhiteElo "2082"]
[BlackElo "2390"]
[PlyCount "91"]
[EventDate "2011.06.10"]
[EventType "swiss"]
[EventRounds "7"]
[EventCountry "NED"]
[Source "P.Boonen"]
[SourceDate "2012.01.01"]

1. d4 d6 2. e4 Nf6 3. Nc3 e5 4. dxe5 dxe5 5. Qxd8+ Kxd8 6. Bc4 Bb4 7. Bg5 Bxc3+
8. bxc3 Ke7 9. O-O-O Be6 10. Bb3 h6 11. Bh4 Nbd7 12. f3 a5 13. Ne2 a4 14. Bxe6
Kxe6 15. Rhe1 Nb6 16. f4 Rhd8 17. Rxd8 Rxd8 18. fxe5 g5 19. Nd4+ Kd7 20. exf6
gxh4 21. e5 Re8 22. Nf5 Nc4 23. Rd1+ Kc6 24. Ne7+ Kc5 25. e6 Nd6 26. Rd5+ Kc4
27. exf7 Rf8 28. Rd4+ Kc5 29. Rxh4 Nxf7 30. Nf5 Kd5 31. Nxh6 Nd6 32. f7 Ke5 33.
Rxa4 Ne4 34. Kb2 c5 35. Ra7 Nd6 36. Ra4 Ne4 37. g3 Kd5 38. a3 c4 39. Ra5+ Nc5
40. g4 b6 41. Ra7 Ne6 42. h4 Ke5 43. Re7 Kf6 44. Ng8+ Ke5 45. g5 Kd6 46. Ra7
1-0

[Event "ENCI Limburg-open A"]
[Site "Maastricht"]
[Date "2011.06.12"]
[Round "5"]
[White "Swinkels, Robin"]
[Black "Brookes, Christopher"]
[Result "1-0"]
[WhiteElo "2483"]
[BlackElo "2052"]
[PlyCount "81"]
[EventDate "2011.06.10"]
[EventType "swiss"]
[EventRounds "7"]
[EventCountry "NED"]
[Source "P.Boonen"]
[SourceDate "2012.01.01"]

1. d4 Nf6 2. c4 g6 3. g3 Bg7 4. Bg2 d5 5. cxd5 Nxd5 6. Nf3 O-O 7. O-O Bf5 8.
Nh4 Be6 9. Re1 c6 10. Nf3 Qb6 11. e4 Nf6 12. h3 Rd8 13. Nc3 Na6 14. Qe2 Qb4 15.
Be3 Qc4 16. Qd2 Bc8 17. Bf1 Qb4 18. a3 Qb3 19. Qc1 Qe6 20. Qc2 b6 21. Rad1 Bb7
22. b4 Qc8 23. Kh2 e6 24. e5 Nd5 25. Ne4 Nxe3 26. Rxe3 Qd7 27. Nd6 Bf8 28. Nxb7
Qxb7 29. Bxa6 Qxa6 30. Qxc6 Rac8 31. Qe4 Qc4 32. Qh4 Qc2 33. Rd2 Qc1 34. Ng5 h6
35. Ne4 Rd7 36. Nf6+ Kg7 37. Nxd7 Qxd2 38. Qf6+ Kg8 39. Rf3 Bg7 40. Qxf7+ Kh7
41. Nf6+ 1-0

[Event "ENCI Limburg-open A"]
[Site "Maastricht"]
[Date "2011.06.12"]
[Round "5"]
[White "Tomov, Georgi"]
[Black "Luncescu, Christian"]
[Result "1-0"]
[WhiteElo "2278"]
[BlackElo "2190"]
[PlyCount "73"]
[EventDate "2011.06.10"]
[EventType "swiss"]
[EventRounds "7"]
[EventCountry "NED"]
[Source "P.Boonen"]
[SourceDate "2012.01.01"]

1. Nf3 Nf6 2. c4 g6 3. Nc3 d5 4. cxd5 Nxd5 5. e4 Nxc3 6. dxc3 Qxd1+ 7. Kxd1 Bg7
8. Bf4 c6 9. Kc2 Nd7 10. Nd2 Nc5 11. Be3 Ne6 12. a4 Nc7 13. Nb3 O-O 14. Bd3 Be6
15. Nc5 b6 16. Nxe6 Nxe6 17. Bc4 Nc7 18. Rhd1 Rfd8 19. a5 b5 20. Ba2 a6 21. f4
Rac8 22. Bb6 Rd6 23. e5 Rxd1 24. Rxd1 e6 25. Rd7 Na8 26. Kb3 g5 27. g3 gxf4 28.
gxf4 Bh6 29. f5 c5 30. Bb1 c4+ 31. Ka2 Bf4 32. fxe6 fxe6 33. Bxh7+ Kf8 34. Bd4
Bxh2 35. Be4 Ke8 36. Rh7 Bf4 37. Bxa8 1-0

[Event "ENCI Limburg-open A"]
[Site "Maastricht"]
[Date "2011.06.12"]
[Round "5"]
[White "Tonndorf, Matthias"]
[Black "Bok, Benjamin"]
[Result "0-1"]
[WhiteElo "2196"]
[BlackElo "2497"]
[PlyCount "108"]
[EventDate "2011.06.10"]
[EventType "swiss"]
[EventRounds "7"]
[EventCountry "NED"]
[Source "P.Boonen"]
[SourceDate "2012.01.01"]

1. e4 e5 2. Nf3 Nc6 3. d4 exd4 4. Nxd4 Bb4+ 5. c3 Bc5 6. Be3 Bb6 7. g3 Nge7 8.
Bg2 O-O 9. O-O d6 10. Na3 f5 11. Nxc6 bxc6 12. Bxb6 axb6 13. exf5 Bxf5 14. Nc2
Qd7 15. Nd4 Bg4 16. Qd3 Kh8 17. Rfe1 d5 18. h3 Bh5 19. Ne6 Rf6 20. Nf4 Bf7 21.
Re5 Ng6 22. Nxg6+ Bxg6 23. Qe3 Qd6 24. a3 Be4 25. f4 Re6 26. Rxe6 Qxe6 27. Re1
Re8 28. Qf2 h6 29. Re3 Qd7 30. Qe2 Bg6 31. Rxe8+ Bxe8 32. Qe5 Bf7 33. Kf2 c5
34. Ke3 Qd8 35. Bf3 c6 36. Be2 b5 37. h4 Bg8 38. Bh5 Qf8 39. Kd2 b4 40. a4
bxc3+ 41. bxc3 Qa8 42. Qe8 Qb7 43. Ke3 Qb3 44. Kf2 d4 45. cxd4 cxd4 46. a5 d3
47. Qd8 Qc2+ 48. Kf1 Kh7 49. f5 d2 50. Qd7 Qc1+ 51. Kf2 Qe1+ 52. Kg2 Bd5+ 53.
Kh3 Qh1+ 54. Kg4 d1=Q+ 0-1

[Event "ENCI Limburg-open A"]
[Site "Maastricht"]
[Date "2011.06.12"]
[Round "5"]
[White "Turov, Maxim"]
[Black "Schroer, Marcel"]
[Result "1-0"]
[WhiteElo "2634"]
[BlackElo "2108"]
[PlyCount "69"]
[EventDate "2011.06.10"]
[EventType "swiss"]
[EventRounds "7"]
[EventCountry "NED"]
[Source "P.Boonen"]
[SourceDate "2012.01.01"]

1. d4 Nf6 2. c4 g6 3. Nc3 Bg7 4. e4 d6 5. f4 Na6 6. Nf3 e5 7. dxe5 dxe5 8.
Qxd8+ Kxd8 9. Nxe5 Nb4 10. Nxf7+ Ke7 11. Nxh8 Nc2+ 12. Kd1 Nxa1 13. Be3 Bxh8
14. Bd3 Be6 15. Ke2 Nc2 16. Bxc2 Bxc4+ 17. Bd3 Bxd3+ 18. Kxd3 Rd8+ 19. Ke2 Ng4
20. Bc5+ Kf7 21. h3 Bxc3 22. hxg4 Bxb2 23. Rb1 Bc3 24. Rxb7 Rd2+ 25. Ke3 Ba5
26. Rxa7 Rxa2 27. Kf3 Ra4 28. f5 gxf5 29. gxf5 Ra1 30. Bb4 Rf1+ 31. Ke2 Rf2+
32. Kxf2 Bb6+ 33. Kf3 Bxa7 34. e5 c5 35. Be1 1-0

[Event "ENCI Limburg-open A"]
[Site "Maastricht"]
[Date "2011.06.12"]
[Round "5"]
[White "Turova, Irina"]
[Black "Jagodzinski, Andreas"]
[Result "1/2-1/2"]
[WhiteElo "2442"]
[BlackElo "2163"]
[PlyCount "79"]
[EventDate "2011.06.10"]
[EventType "swiss"]
[EventRounds "7"]
[EventCountry "NED"]
[Source "P.Boonen"]
[SourceDate "2012.01.01"]

1. d4 e6 2. c4 d5 3. Nc3 Be7 4. Nf3 Nf6 5. Bf4 O-O 6. e3 c5 7. dxc5 Bxc5 8.
cxd5 Nxd5 9. Nxd5 exd5 10. a3 Nc6 11. Bd3 Be7 12. O-O Bf6 13. Qc2 h6 14. Bb5
Be6 15. Bxc6 Rc8 16. Be5 Rxc6 17. Qd2 Qe7 18. Bxf6 Qxf6 19. Nd4 Rcc8 20. Qa5 a6
21. Qb4 Rc7 22. Rac1 Rfc8 23. Rxc7 Rxc7 24. Qd6 Rd7 25. Qg3 Kh7 26. Rc1 Qg6 27.
Qxg6+ Kxg6 28. Kf1 Kf6 29. Ke2 Ke7 30. b4 Kd6 31. f4 Rd8 32. a4 Bd7 33. a5 g6
34. Kd3 Bf5+ 35. Kd2 Bd7 36. Kd3 Re8 37. g3 Re4 38. Kd2 Re8 39. Kd3 Re4 40. Kd2
1/2-1/2

[Event "ENCI Limburg-open A"]
[Site "Maastricht"]
[Date "2011.06.12"]
[Round "5"]
[White "Van Assendelft, Floris"]
[Black "Esser, Norbert"]
[Result "1-0"]
[WhiteElo "2384"]
[BlackElo "2185"]
[PlyCount "89"]
[EventDate "2011.06.10"]
[EventType "swiss"]
[EventRounds "7"]
[EventCountry "NED"]
[Source "P.Boonen"]
[SourceDate "2012.01.01"]

1. e4 c5 2. Nf3 Nc6 3. Nc3 e5 4. Bc4 d6 5. d3 Be6 6. O-O Be7 7. Nd5 Nf6 8. c3
O-O 9. a3 h6 10. b4 b6 11. Re1 Bg4 12. h3 Bxf3 13. Qxf3 Nxd5 14. Bxd5 Rc8 15.
b5 Nb8 16. Qh5 Bg5 17. Bxg5 Qxg5 18. Qxg5 hxg5 19. a4 Rc7 20. a5 Nd7 21. c4 Rb8
22. Ra2 bxa5 23. Rxa5 Nb6 24. Bc6 Kf8 25. Rea1 Nc8 26. g3 Rb6 27. Bd5 Ke7 28.
Kg2 Kf6 29. Kf3 Kg6 30. Kg4 Re7 31. Rh1 Rc7 32. Rha1 Re7 33. h4 gxh4 34. Kxh4
Kf6 35. Kg4 g6 36. f4 Rc7 37. R5a2 Kg7 38. Kg5 Rb8 39. Rh2 Ne7 40. Rah1 Ng8 41.
Rh7+ Kf8 42. fxe5 dxe5 43. Rf1 Re8 44. Rfxf7+ Rxf7 45. Rxf7# 1-0

[Event "ENCI Limburg-open A"]
[Site "Maastricht"]
[Date "2011.06.12"]
[Round "5"]
[White "Van Dijk, Harold"]
[Black "Eulering, Georg"]
[Result "1-0"]
[WhiteElo "2329"]
[BlackElo "2104"]
[PlyCount "109"]
[EventDate "2011.06.10"]
[EventType "swiss"]
[EventRounds "7"]
[EventCountry "NED"]
[Source "P.Boonen"]
[SourceDate "2012.01.01"]

1. d4 Nf6 2. Nf3 e6 3. Bf4 Be7 4. e3 O-O 5. Bd3 b6 6. c3 d6 7. Nbd2 Nbd7 8. h3
Re8 9. Bg3 Bb7 10. a4 e5 11. Qc2 Bf8 12. Ng5 g6 13. Bh4 Be7 14. Ngf3 Nh5 15.
Bxe7 Qxe7 16. Bc4 exd4 17. cxd4 c5 18. O-O Ndf6 19. Bb5 Rec8 20. Qd1 Ne4 21.
Be2 Re8 22. Nxe4 Bxe4 23. a5 Rab8 24. a6 b5 25. Re1 Nf6 26. Bf1 c4 27. Nd2 Qc7
28. f3 Bf5 29. e4 Bc8 30. Qe2 Qb6 31. Qf2 Bxa6 32. f4 Bb7 33. e5 dxe5 34. fxe5
Nd5 35. Ne4 Re7 36. Kh1 Kg7 37. Rad1 Rbe8 38. Qg3 f5 39. Nd6 Rf8 40. Be2 a6 41.
Bf3 Ba8 42. h4 Re6 43. h5 Qd8 44. Ra1 Qb6 45. Qh4 a5 46. Ra3 b4 47. Nxc4 Qc7
48. Rxa5 Qxc4 49. Rc5 Qb3 50. Ra1 Ne7 51. Bxa8 Qxb2 52. Ra7 Rf7 53. h6+ Kg8 54.
Bd5 Nxd5 55. Rc8+ 1-0

[Event "ENCI Limburg-open A"]
[Site "Maastricht"]
[Date "2011.06.12"]
[Round "5"]
[White "Van Foreest, Jorden"]
[Black "Thingstad, Even"]
[Result "0-1"]
[WhiteElo "2082"]
[BlackElo "2199"]
[PlyCount "88"]
[EventDate "2011.06.10"]
[EventType "swiss"]
[EventRounds "7"]
[EventCountry "NED"]
[Source "P.Boonen"]
[SourceDate "2012.01.01"]

1. e4 c6 2. d4 d5 3. Nc3 dxe4 4. Nxe4 Bf5 5. Ng3 Bg6 6. h4 h6 7. Nf3 Nd7 8. h5
Bh7 9. Bd3 Bxd3 10. Qxd3 e6 11. Bf4 Qa5+ 12. Bd2 Bb4 13. c3 Be7 14. c4 Qc7 15.
O-O-O Ngf6 16. Kb1 O-O 17. Ne4 Rad8 18. Nxf6+ Nxf6 19. g4 Nxg4 20. Rhg1 f5 21.
Qe2 Rf7 22. Qxe6 Qd6 23. Qe2 Bf6 24. Bc3 Qf4 25. Bd2 Qd6 26. Bc3 Qf4 27. Bd2
Qc7 28. Bc3 Re7 29. Ne5 Nxe5 30. dxe5 Rxd1+ 31. Qxd1 Bxe5 32. Bb4 Rd7 33. Qe2
c5 34. f4 Re7 35. fxe5 Rxe5 36. Ba5 b6 37. Bxb6 axb6 38. Qf3 Qe7 39. Qc3 Re6
40. Qg3 Qf6 41. Qg2 Re4 42. Rf1 Qe5 43. Qg6 Re2 44. Qxb6 Qe4+ 0-1

[Event "ENCI Limburg-open A"]
[Site "Maastricht"]
[Date "2011.06.12"]
[Round "5"]
[White "Van Oosterom, Chiel"]
[Black "Mengerink, Ynze"]
[Result "1-0"]
[WhiteElo "2422"]
[BlackElo "2147"]
[PlyCount "45"]
[EventDate "2011.06.10"]
[EventType "swiss"]
[EventRounds "7"]
[EventCountry "NED"]
[Source "P.Boonen"]
[SourceDate "2012.01.01"]

1. e4 c6 2. d4 d5 3. exd5 cxd5 4. c4 Nf6 5. Nc3 Nc6 6. Bg5 dxc4 7. Bxc4 Qxd4 8.
Qxd4 Nxd4 9. O-O-O e5 10. f4 Be6 11. fxe5 Bc5 12. exf6 Bxc4 13. fxg7 Rg8 14.
Ne4 f6 15. Nxc5 Rc8 16. Rxd4 Rxc5 17. Be3 Bf1+ 18. Kb1 Re5 19. Nf3 Bxg2 20.
Nxe5 fxe5 21. Rdd1 Bxh1 22. Rxh1 Rxg7 23. Rg1 1-0

[Event "ENCI Limburg-open A"]
[Site "Maastricht"]
[Date "2011.06.12"]
[Round "5"]
[White "Van den Ouden, Lendert"]
[Black "Krueger, Norbert"]
[Result "0-1"]
[WhiteElo "2016"]
[BlackElo "2110"]
[PlyCount "80"]
[EventDate "2011.06.10"]
[EventType "swiss"]
[EventRounds "7"]
[EventCountry "NED"]
[Source "P.Boonen"]
[SourceDate "2012.01.01"]

1. Nf3 f5 2. c4 Nf6 3. g3 e6 4. Bg2 d6 5. d4 Be7 6. O-O O-O 7. Nc3 a5 8. b3 Qe8
9. Ba3 Na6 10. Re1 Nb4 11. Bb2 Ne4 12. a3 Na6 13. e3 c6 14. Qc2 Nxc3 15. Bxc3
Nc7 16. e4 Qf7 17. Re2 g5 18. exf5 exf5 19. Rae1 Bf6 20. Nd2 Bd7 21. d5 c5 22.
Nf1 Rfe8 23. Ne3 Bxc3 24. Qxc3 b5 25. cxb5 Nxb5 26. Qc1 Nd4 27. Rb2 Qf6 28. Nc4
f4 29. Be4 Bf5 30. Nd2 Re5 31. f3 fxg3 32. hxg3 Rf8 33. Nc4 Re7 34. Qd1 g4 35.
Qc1 Bxe4 36. fxe4 Nf3+ 37. Kg2 Nxe1+ 38. Qxe1 Qf3+ 39. Kg1 Rxe4 40. Qf2 Qd1+
0-1

[Event "ENCI Limburg-open A"]
[Site "Maastricht"]
[Date "2011.06.12"]
[Round "5"]
[White "Vandevoort, Pascal"]
[Black "Solleveld, Maarten"]
[Result "1-0"]
[WhiteElo "2400"]
[BlackElo "2507"]
[PlyCount "71"]
[EventDate "2011.06.10"]
[EventType "swiss"]
[EventRounds "7"]
[EventCountry "NED"]
[Source "P.Boonen"]
[SourceDate "2012.01.01"]

1. e4 c5 2. Nf3 e6 3. Nc3 a6 4. d4 cxd4 5. Nxd4 Qc7 6. Bd3 Nf6 7. f4 Bb4 8. Bd2
Bxc3 9. bxc3 d6 10. O-O e5 11. fxe5 dxe5 12. Nf5 Bxf5 13. Rxf5 Nbd7 14. Qf3 O-O
15. Rf1 Qb6+ 16. Be3 Qe6 17. Qg3 Rac8 18. c4 Ne8 19. Rh5 Rc6 20. Rf3 g6 21. Rh6
f6 22. Qh4 Rf7 23. Rh3 Nf8 24. c5 Qxa2 25. Qe1 Nc7 26. Qb4 Qa1+ 27. Kf2 Nce6
28. Bc4 Qd1 29. Qb3 Kg7 30. Bxe6 Rxe6 31. Rxh7+ Nxh7 32. Qxe6 Qxc2+ 33. Kg3 Ng5
34. Bxg5 Qd3+ 35. Kf2 fxg5+ 36. Qxf7+ 1-0

[Event "ENCI Limburg-open A"]
[Site "Maastricht"]
[Date "2011.06.12"]
[Round "5"]
[White "Vogel, Jaap"]
[Black "Coenen, Michael"]
[Result "0-1"]
[WhiteElo "2223"]
[BlackElo "2337"]
[PlyCount "92"]
[EventDate "2011.06.10"]
[EventType "swiss"]
[EventRounds "7"]
[EventCountry "NED"]
[Source "P.Boonen"]
[SourceDate "2012.01.01"]

1. d4 Nf6 2. Nf3 g6 3. g3 Bg7 4. Bg2 d5 5. O-O O-O 6. c4 c6 7. Nbd2 Bf5 8. b3
Ne4 9. Bb2 Nxd2 10. Qxd2 Be4 11. Bh3 Bxf3 12. exf3 e6 13. Rfe1 Qf6 14. Qb4 b6
15. f4 Rc8 16. Rac1 Nd7 17. Rc2 a5 18. Qd2 Qd8 19. Rec1 Nf6 20. cxd5 cxd5 21.
Bf1 Ne4 22. Qd1 Nd6 23. a4 Rxc2 24. Rxc2 Rc8 25. Bd3 Qd7 26. Qc1 Rxc2 27. Qxc2
Nc8 28. Bb5 Qb7 29. Kf1 Ne7 30. Ke2 Qb8 31. Kd3 Qd8 32. Qc1 h5 33. h4 Nf5 34.
Qc6 Kh7 35. Ba6 Nd6 36. Ke2 Nf5 37. Kd3 Ne7 38. Qc1 Qa8 39. Bb5 Nf5 40. Qc7 Qf8
41. Bc3 Qa3 42. Qxf7 Qxb3 43. Be8 Qd1+ 44. Bd2 Qb1+ 45. Kc3 Qb4+ 46. Kc2 Nxd4+
0-1

[Event "ENCI Limburg-open A"]
[Site "Maastricht"]
[Date "2011.06.12"]
[Round "5"]
[White "Vos, Tjark"]
[Black "Heltzel, Joost"]
[Result "0-1"]
[WhiteElo "1819"]
[BlackElo "2228"]
[PlyCount "62"]
[EventDate "2011.06.10"]
[EventType "swiss"]
[EventRounds "7"]
[EventCountry "NED"]
[Source "P.Boonen"]
[SourceDate "2012.01.01"]

1. e4 c5 2. Nf3 g6 3. d4 cxd4 4. Nxd4 Nc6 5. c4 Nf6 6. Nc3 d6 7. Be3 Bg7 8. Be2
Qa5 9. O-O O-O 10. Nc2 Be6 11. f4 Rfc8 12. h3 Nb4 13. Nxb4 Qxb4 14. Qb3 a5 15.
Nd5 Nxd5 16. exd5 Bd7 17. Bc1 e6 18. Rd1 Ba4 19. Qxb4 axb4 20. dxe6 Bxd1 21.
exf7+ Kxf7 22. Bxd1 Rxc4 23. Bb3 b5 24. Rb1 Kf8 25. Bxc4 bxc4 26. a3 b3 27. Bd2
d5 28. Bb4+ Kg8 29. Rd1 Bxb2 30. Rxd5 c3 31. Rd3 c2 0-1

[Event "ENCI Limburg-open A"]
[Site "Maastricht"]
[Date "2011.06.12"]
[Round "5"]
[White "Woestenburg, Jochem"]
[Black "Olthof, Rene"]
[Result "0-1"]
[WhiteElo "2032"]
[BlackElo "2202"]
[PlyCount "80"]
[EventDate "2011.06.10"]
[EventType "swiss"]
[EventRounds "7"]
[EventCountry "NED"]
[Source "P.Boonen"]
[SourceDate "2012.01.01"]

1. e4 c5 2. Nf3 d6 3. d4 cxd4 4. Nxd4 Nf6 5. Nc3 g6 6. Be3 Bg7 7. f3 Nc6 8. Qd2
O-O 9. g4 Nxd4 10. Bxd4 Be6 11. O-O-O Qa5 12. Kb1 Rfc8 13. a3 Rab8 14. h4 b5
15. Nd5 Qxd2 16. Rxd2 Nxd5 17. exd5 Bxd5 18. Bxg7 Bxf3 19. Rh3 Bxg4 20. Rg3
Kxg7 21. Rxg4 f5 22. Rb4 Kf6 23. Rxb5 Rxb5 24. Bxb5 h6 25. b4 g5 26. hxg5+ hxg5
27. Bf1 Rh8 28. Kb2 g4 29. b5 Rh1 30. Bg2 Rh2 31. a4 f4 32. Kc3 f3 33. Bxf3 Rh3
34. Kc4 gxf3 35. a5 Ke5 36. b6 axb6 37. axb6 Ke4 38. b7 Rh8 39. Rh2 Rb8 40. Kc3
Ke3 0-1

[Event "ENCI Limburg-open A"]
[Site "Maastricht"]
[Date "2011.06.13"]
[Round "6"]
[White "Beijerinck, Nick"]
[Black "Rietveld, Leo"]
[Result "0-1"]
[WhiteElo "2060"]
[BlackElo "2055"]
[PlyCount "22"]
[EventDate "2011.06.10"]
[EventType "swiss"]
[EventRounds "7"]
[EventCountry "NED"]
[Source "P.Boonen"]
[SourceDate "2012.01.01"]

1. e4 d5 2. exd5 Nf6 3. d4 Bg4 4. Be2 Bxe2 5. Qxe2 Qxd5 6. Nf3 e6 7. O-O Bd6 8.
Nc3 Qh5 9. Bg5 Nc6 10. d5 Nd4 11. Nxd4 Qxh2# 0-1

[Event "ENCI Limburg-open A"]
[Site "Maastricht"]
[Date "2011.06.13"]
[Round "6"]
[White "Berg, Emanuel"]
[Black "Ernst, Sipke"]
[Result "1/2-1/2"]
[WhiteElo "2608"]
[BlackElo "2596"]
[PlyCount "107"]
[EventDate "2011.06.10"]
[EventType "swiss"]
[EventRounds "7"]
[EventCountry "NED"]
[Source "P.Boonen"]
[SourceDate "2012.01.01"]

1. e4 e5 2. Nf3 Nc6 3. Bb5 a6 4. Ba4 Nge7 5. Nc3 d6 6. a3 h6 7. h3 g6 8. d4 b5
9. Bb3 exd4 10. Nxd4 Na5 11. Ba2 Bg7 12. Bf4 O-O 13. O-O Nc4 14. Rb1 c5 15.
Nde2 Be6 16. Bxc4 Bxc4 17. b3 Bxe2 18. Nxe2 d5 19. exd5 Nxd5 20. Bg3 b4 21.
axb4 cxb4 22. Qd3 Nc3 23. Nxc3 Qxd3 24. cxd3 bxc3 25. Rbc1 Rfd8 26. Rfd1 Ra7
27. b4 Bd4 28. Rc2 Rb7 29. Ra1 Rxb4 30. Rxa6 Rb1+ 31. Kh2 Re8 32. Bf4 Rb2 33.
Ra2 Bg7 34. Be3 Rd8 35. d4 Rxa2 36. Rxa2 Bxd4 37. Bxd4 Rxd4 38. Rc2 Rc4 39. Kg3
Kg7 40. Kf3 Kf6 41. Ke3 Rc7 42. Kd3 Ke5 43. Rxc3 Rxc3+ 44. Kxc3 Ke4 45. Kd2 f5
46. Ke2 f4 47. f3+ Kd4 48. Kd2 g5 49. Ke2 Kc3 50. Ke1 Kd3 51. Kd1 Ke3 52. Ke1
Kd3 53. Kd1 Ke3 54. Ke1 1/2-1/2

[Event "ENCI Limburg-open A"]
[Site "Maastricht"]
[Date "2011.06.13"]
[Round "6"]
[White "Beukema, Stefan"]
[Black "Vos, Tjark"]
[Result "1-0"]
[WhiteElo "2193"]
[BlackElo "1819"]
[PlyCount "47"]
[EventDate "2011.06.10"]
[EventType "swiss"]
[EventRounds "7"]
[EventCountry "NED"]
[Source "P.Boonen"]
[SourceDate "2012.01.01"]

1. e4 c5 2. Nf3 d6 3. c3 Nf6 4. h3 Nc6 5. d4 cxd4 6. cxd4 Nxe4 7. d5 Qa5+ 8.
Nc3 Nxc3 9. bxc3 Ne5 10. Nxe5 Qxc3+ 11. Bd2 Qxe5+ 12. Be2 Qxd5 13. O-O Qc6 14.
Rc1 Qd7 15. Qb3 a6 16. Ba5 g6 17. Rc7 Qf5 18. Bc3 Rg8 19. g4 Qg5 20. f4 Qh4 21.
Be1 Qf6 22. Qa4+ Kd8 23. Ba5 b5 24. Ra7+ 1-0

[Event "ENCI Limburg-open A"]
[Site "Maastricht"]
[Date "2011.06.13"]
[Round "6"]
[White "Bijlsma, Nick"]
[Black "Harff, Marcel"]
[Result "1/2-1/2"]
[WhiteElo "2177"]
[BlackElo "2217"]
[PlyCount "28"]
[EventDate "2011.06.10"]
[EventType "swiss"]
[EventRounds "7"]
[EventCountry "NED"]
[Source "P.Boonen"]
[SourceDate "2012.01.01"]

1. e4 e6 2. Qe2 c5 3. b3 Nc6 4. Bb2 Nf6 5. e5 Nd5 6. Nf3 Be7 7. g3 f6 8. Bg2
O-O 9. O-O Rb8 10. a4 b6 11. Na3 Ndb4 12. Rae1 Bb7 13. d3 Re8 14. Nc4 d5
1/2-1/2

[Event "ENCI Limburg-open A"]
[Site "Maastricht"]
[Date "2011.06.13"]
[Round "6"]
[White "Bok, Benjamin"]
[Black "Swinkels, Robin"]
[Result "1-0"]
[WhiteElo "2497"]
[BlackElo "2483"]
[PlyCount "110"]
[EventDate "2011.06.10"]
[EventType "swiss"]
[EventRounds "7"]
[EventCountry "NED"]
[Source "P.Boonen"]
[SourceDate "2012.01.01"]

1. e4 c5 2. Nf3 d6 3. d4 cxd4 4. Nxd4 Nf6 5. Nc3 Nc6 6. Bg5 e6 7. Qd2 Qb6 8.
Nb3 Be7 9. O-O-O O-O 10. f3 a6 11. g4 Rd8 12. Be3 Qc7 13. g5 Nd7 14. f4 b5 15.
h4 b4 16. Na4 Rb8 17. Qf2 Na5 18. Nd4 Bb7 19. Bd3 Nc5 20. Nxc5 dxc5 21. Nb3
Nxb3+ 22. axb3 a5 23. h5 a4 24. bxa4 c4 25. Bb6 Qc6 26. Bxd8 Bxd8 27. Be2 Bb6
28. Qf3 Qxa4 29. Bxc4 Qa1+ 30. Kd2 Qxb2 31. Bd3 Rd8 32. Ke1 b3 33. cxb3 Qc3+
34. Kf1 Ba6 35. Rh3 Rxd3 36. Rxd3 Qc1+ 37. Ke2 Bb5 38. e5 Qa1 39. Qe4 g6 40. h6
Bc5 41. Kf3 Bxd3 42. Qxd3 Qg1 43. Qe2 Qb1 44. Kg4 Qg1+ 45. Rg3 Qh1 46. Rg2 Bb4
47. Rh2 Qg1+ 48. Kh3 Qb1 49. Qf3 Qf5+ 50. Kg3 Be1+ 51. Kg2 Bb4 52. Rh1 Qc2+ 53.
Kg3 Qa2 54. Rd1 Qa5 55. Kh3 Bf8 1-0

[Event "ENCI Limburg-open A"]
[Site "Maastricht"]
[Date "2011.06.13"]
[Round "6"]
[White "Broekmeulen, Jasper"]
[Black "Bomans, Arno"]
[Result "1-0"]
[WhiteElo "2390"]
[BlackElo "2200"]
[PlyCount "47"]
[EventDate "2011.06.10"]
[EventType "swiss"]
[EventRounds "7"]
[EventCountry "NED"]
[Source "P.Boonen"]
[SourceDate "2012.01.01"]

1. e4 c5 2. Nf3 d6 3. d4 cxd4 4. Nxd4 Nf6 5. Nc3 a6 6. f4 e6 7. Qf3 Qb6 8. Nb3
Qc7 9. g4 b5 10. Bd3 Bb7 11. g5 Nfd7 12. a3 Nc5 13. f5 Nbd7 14. Nxc5 Nxc5 15.
Be3 exf5 16. Qxf5 g6 17. Qf6 Rg8 18. O-O-O Bg7 19. Bxb5+ Kf8 20. Qxd6+ Qxd6 21.
Rxd6 Bxc3 22. Bxc5 Rc8 23. Bc6 Rxc6 24. Rxc6+ 1-0

[Event "ENCI Limburg-open A"]
[Site "Maastricht"]
[Date "2011.06.13"]
[Round "6"]
[White "Brookes, Christopher"]
[Black "Klein, Felix"]
[Result "1/2-1/2"]
[WhiteElo "2052"]
[BlackElo "2243"]
[PlyCount "88"]
[EventDate "2011.06.10"]
[EventType "swiss"]
[EventRounds "7"]
[EventCountry "NED"]
[Source "P.Boonen"]
[SourceDate "2012.01.01"]

1. e4 c5 2. Nf3 e6 3. b3 a6 4. Bb2 d6 5. d4 cxd4 6. Nxd4 Nf6 7. Bd3 g6 8. O-O
Bg7 9. c4 O-O 10. Nc3 Qc7 11. Rc1 b6 12. Be2 Bb7 13. Bf3 Nbd7 14. g3 Rac8 15.
Bg2 Rfe8 16. Qd2 Qb8 17. Rcd1 Nc5 18. Rfe1 Ng4 19. Nc2 Ne5 20. Qe2 Bf8 21. Ne3
Qa8 22. f4 Ned7 23. Ng4 f5 24. Nf2 Nf6 25. Na4 Nxa4 26. Bxf6 Nc5 27. Ba1 Rc7
28. Bh1 Nxe4 29. Nxe4 fxe4 30. Bxe4 b5 31. Bd5 Bxd5 32. cxd5 Rce7 33. dxe6 Qc8
34. Qd3 Rxe6 35. Rxe6 Qxe6 36. Qd4 Qe3+ 37. Qxe3 Rxe3 38. Kf2 Re8 39. Rc1 a5
40. Rc7 Re7 41. Rc6 a4 42. Rxd6 axb3 43. axb3 Ra7 44. Rd1 Ra2+ 1/2-1/2